书目信息 |
| 题名: |
流线分析
|
|
| 作者: | ;《流线分析》编辑组 编 | |
| 分册: | ||
| 出版信息: | 北京 原子能出版社 1978 |
|
| 页数: | 178页 | |
| 开本: | 26cm | |
| 丛书名: | ||
| 单 册: | ||
| 中图分类: | TL27 | |
| 科图分类: | ||
| 主题词: | 流线分析-核燃料--文集 , 核燃料-流线分析--文集 | |
| 电子资源: | ||
| ISBN: | ||
| 000 | 00717nam0 2200241 45 | |
| 001 | 0178002332 | |
| 005 | 20060516101815.85 | |
| 010 | @dCNY1.20 | |
| 091 | @a15175.130 | |
| 100 | @a19950731d1978 emky0chiy0121 ea | |
| 101 | 0 | @achi |
| 102 | @aCN@b110000 | |
| 105 | @ay z 100yy | |
| 200 | 10 | @a流线分析@Aliu xian fen xi@e1977年流线分析会议资料选编@f《流线分析》编辑组编@F《liu xian fen xi》bian ji zu bian |
| 210 | @a北京@c原子能出版社@d1978 | |
| 215 | @a178页@d26cm | |
| 300 | @a国内发行 | |
| 606 | @a流线分析-核燃料@x文集 | |
| 606 | @a核燃料-流线分析@x文集 | |
| 690 | @aTL27@v4 | |
| 711 | 0 | @a《流线分析》编辑组@A《liu xian fen xi》bian ji zu@4编 |
| 801 | 0 | @aCN@bTSSF@c20060516 |
| 905 | @a10447@dTL27@e1 | |
| 流线分析:1977年流线分析会议资料选编/《流线分析》编辑组编.-北京:原子能出版社,1978 |
| 178页;26cm |
| 国内发行 |
| ISBN :CNY1.20 |
| ● |
| 相关链接 |
|
|
|
|
正题名:流线分析
索取号:TL27/1
 
预约/预借
| 序号 | 登录号 | 条形码 | 馆藏地/架位号 | 状态 | 备注 |
| 1 | 0001644 | 202338327 | 密集书库/ [索取号:TL27/1] | 在馆 | |
| 2 | 0001647 | 202338103 | 密集书库/ [索取号:TL27/1] | 在馆 | |
| 3 | 0001648 | 202338764 | 密集书库/ [索取号:TL27/1] | 在馆 | |
| 4 | 0001649 | 202338791 | 密集书库/ [索取号:TL27/1] | 在馆 | |
| 5 | 0001650 | 202337970 | 密集书库/ [索取号:TL27/1] | 在馆 | |
| 6 | 0001651 | 202338309 | 密集书库/ [索取号:TL27/1] | 在馆 | |
| 7 | 0001652 | 202304336 | 密集书库/ [索取号:TL27/1] | 在馆 | |
| 8 | 0001653 | 202338112 | 密集书库/ [索取号:TL27/1] | 在馆 | |
| 9 | 0001657 | 202338087 | 密集书库/ [索取号:TL27/1] | 在馆 | |
| 10 | 0001658 | 202338318 | 密集书库/ [索取号:TL27/1] | 在馆 | |
| 11 | 0001659 | 202304372 | 密集书库/ [索取号:TL27/1] | 在馆 | |
| 12 | 0001660 | 202338078 | 密集书库/ [索取号:TL27/1] | 在馆 | |
| 13 | 0001661 | 202337934 | 密集书库/ [索取号:TL27/1] | 在馆 | |
| 14 | 0001662 | 202338773 | 密集书库/ [索取号:TL27/1] | 在馆 | |
| 15 | 0001663 | 202338096 | 密集书库/ [索取号:TL27/1] | 在馆 |